000 00461nam a22001337a 4500
082 _a346.54910488
_bCHO
100 _aChoudhry, G.M.
245 _aLaw of Trade Organizations, Associations and Chambers of Commerce and Industry:
_bedited, amended upto date, annotated and with case law /
_cG.M. Choudhry
260 _aRawalpindi :
_bFederal Law House,
_c2009.
300 _a237 p.
563 _aHB.
650 _aLaw, Trade Law
_9128137
942 _2ddc
_cBK
999 _c613169
_d613169